Unique quintessence of india and the world: (Record no. 38275)

MARC details
000 -LEADER
fixed length control field 00771nam a22001937a 4500
005 - DATE AND TIME OF LATEST TRANSACTION
control field 20100730144454.0
010 ## - LCCN (DPL NO)
LC control number ENG-97172
020 ## - INTERNATIONAL STANDARD BOOK NUMBER
International Standard Book Number 9788183571074
Terms of availability 150.00
035 ## - SYSTEM CONTROL NUMBER
System control number EN-80705
037 ## - SOURCE OF ACQUISITION
Source of stock number/acquisition DBAD/PUB
082 ## - DEWEY DECIMAL CLASSIFICATION NUMBER
Classification number 000
245 ## - TITLE STATEMENT
Title Unique quintessence of india and the world:
Remainder of title for UPSC civil sevices and state public sevices main examinations (according to latest syllabus and pattern) /
Statement of responsibility, etc edited by J. K. Chopra
260 ## - PUBLICATION, DISTRIBUTION, ETC. (IMPRINT)
Place of publication, distribution, etc New Delhi
Name of publisher, distributor, etc Unique Publishers
Date of publication, distribution, etc 2010
270 ## - ADDRESS
Address M-51, Lajpat Nagar-II, New Delhi
City New Delhi
Postal code 110024
300 ## - PHYSICAL DESCRIPTION
Extent xi, 148p.
Dimensions 24cm (pbk)
700 ## - ADDED ENTRY--PERSONAL NAME
Personal name Chopra, J. K.
9 (RLIN) 790
942 ## - ADDED ENTRY ELEMENTS (KOHA)
Source of classification or shelving scheme Dewey Decimal Classification
Item type English Books
Classification part 000
Call number suffix UNI
Holdings
Withdrawn status Lost status Not for loan Collection code Home library Current library Date acquired Source of acquisition Cost, normal purchase price Full call number Barcode Copy number Cost, replacement price Koha item type
    Not For Loan Non-fiction D.B.Act.Division D.B.Act.Division 30/07/2010 DBAD/PUB 150.00 000 UNI EN-80705 1 150.00 English Books

© Delhi Public Library
Hit Counter
free hit counter